00753nam a2200181Ia 4500003000900000008004100009020001800050040001600068080001300084111008100097245021900178260003800397300001700435490005900452650001300511700002600524700002100550IN-BaIIA211028s9999 xx 000 0 eng d a981-02-4255-7 cIIA Library a524bGUR aICRA Network Workshop on the Chaotic Universen2cRome, Italyd1999 Feb. 1-5 4aThe chaotic universebproceedings of the second ICRA network workshop on the chaotic universe, held in Rome, Italy, 1-5 Feb 1999cedited by V. G. Gurzadyan and R. Ruffini  aSingaporebWorld Scientificc2000 a]xiii, 668p. aAdvanced Series in Astrophysics and Cosmology, Vol. 10 aUniverse aGurzadyan, V. G., ed. aRuffini, R., ed.